000 01076nam a22002417a 4500
003 DO-SdBNP
005 20250116120725.0
007 ta
008 100322s2020 dr a 000 0 spa d
020 _a9789945913378
040 _aDO-SdBNP
_bspa
_cBNPHU
082 4 _a304.87293
_bP445m
_222
110 1 _a Instituto Nacional de Migración (República Dominicana)
_975397
245 0 0 _aPeriodismo y migración :
_bmanual de buenas prácticas /
260 _aSanto Domingo :
_bINMRD,
_bUnión Europea,
_c2020.
300 _a111 p. :
_bil. ;
_c27 cm.
505 0 _tIntroducción --
_tAbreviaturas --
_gCapítulo I
_tMigraciones y medios de comunicación --
_gCapítulo II
_tFuentes de información para el abordaje del tema migratoria --
_gCapítulo III
_tLas migraciones en la República Dominicana --
_tReferencias bibliográficas --
_tAnexos .
590 _aInventariado, 2021/ YL
650 4 _aPeriodismo
_xServicios de información
_981246
651 4 _aRepública Dominicana
_xEmigración e inmigración
_9290
910 _aYL //Validado. Control de calidad MFF
942 _2ddc
_cLBS1
999 _c49594
_d49594